| 000 | 00957nam a2200277 a 4500 | ||
|---|---|---|---|
| 001 | BRCA_4749 | ||
| 005 | 20190320204804.0 | ||
| 008 | 071010s1946----mx-a######---#000-0#spa-# | ||
| 041 | _aspa | ||
| 044 | _amx | ||
| 050 | 4 |
_aND450 _b.O27 1946 |
|
| 245 | 1 | 0 | _aObras maestras de la pintura europea en México. |
| 260 |
_aMéxico _bSociedad de Arte Moderno _c1946 |
||
| 300 |
_a88 p. _bil. _c27 cm. |
||
| 500 | _aCatálogo de la IV exposición de la Sociedad de Arte Moderno realizada en México, Febrero 1946 | ||
| 500 | _aEl texto de Manuel Toussaint se titula Pinturas europeas en México | ||
| 500 | _aEstado físico: Encuadernación desprendida | ||
| 500 | _aD90 | ||
| 600 | 1 | 4 |
_aToussaint, Manuel _d1895-1955 _910075 |
| 650 | 1 | 4 |
_aPintores españoles _97620 |
| 650 | 1 | 4 |
_aGalerías de arte _zMéxico _983 |
| 650 | 1 | 4 |
_aPintura europea _vExposiciones _912013 |
| 650 | 1 | 4 |
_aColeccionistas y colecciones _xArte _912014 |
| 902 | _aGFM | ||
| 942 |
_2lcc _cB |
||
| 999 |
_c4447 _d4447 |
||